=LDR 00000nam 2200000 4500 =001 INLIS000000000039856 =005 20141220100822.0 =006 =007 =008 Ind =035 ##$$0010-061300000039856 =041 ##$$a Ind =082 ##$$a 631.81 =090 ##$$a 631.81, Sun b.6 =100 ##$$a Suryati,Teti =245 ##$$a Bijak Dan Cerdas Mengolah Sampah$bmembuat kompos dari sampah rumah tangga$cTeti Suryati =260 ##$$a 2009 $b Jakarta =300 ##$$a 68 hlm, ilus, 23 cm =700 ##$$a Novi Widianti =850 ##$$a NBPNMAT =990 ##$$a 0001/BPAP-NTB/20142014 =990 ##$$a 2090100744/BPAP-NTB/2015 =990 ##$$a 0001/BPAP-NTB/2015